|
|
|
|
| LEADER |
03087nam a22005655i 4500 |
| 001 |
978-3-319-24502-7 |
| 003 |
DE-He213 |
| 005 |
20170518024247.0 |
| 007 |
cr nn 008mamaa |
| 008 |
151224s2016 gw | s |||| 0|eng d |
| 020 |
|
|
|a 9783319245027
|9 978-3-319-24502-7
|
| 024 |
7 |
|
|a 10.1007/978-3-319-24502-7
|2 doi
|
| 040 |
|
|
|d GrThAP
|
| 050 |
|
4 |
|a QC176.8.A44
|
| 072 |
|
7 |
|a PHF
|2 bicssc
|
| 072 |
|
7 |
|a SCI085000
|2 bisacsh
|
| 072 |
|
7 |
|a SCI077000
|2 bisacsh
|
| 082 |
0 |
4 |
|a 530.41
|2 23
|
| 245 |
1 |
0 |
|a Soft Matter at Aqueous Interfaces
|h [electronic resource] /
|c edited by Peter Lang, Yi Liu.
|
| 264 |
|
1 |
|a Cham :
|b Springer International Publishing :
|b Imprint: Springer,
|c 2016.
|
| 300 |
|
|
|a VIII, 555 p. 230 illus., 116 illus. in color.
|b online resource.
|
| 336 |
|
|
|a text
|b txt
|2 rdacontent
|
| 337 |
|
|
|a computer
|b c
|2 rdamedia
|
| 338 |
|
|
|a online resource
|b cr
|2 rdacarrier
|
| 347 |
|
|
|a text file
|b PDF
|2 rda
|
| 490 |
1 |
|
|a Lecture Notes in Physics,
|x 0075-8450 ;
|v 917
|
| 505 |
0 |
|
|a From the Contents: Thermodynamics of interfaces -- Basics of Electrochemistry -- Introduction to depletion forces and phase behaviour of colloid mixtures -- Interfaces of binary mixtures -- Dynamics of surfactants and polymers at liquid interfaces.
|
| 520 |
|
|
|a This book covers the science of interfaces between an aqueous phase and a solid, another liquid or a gaseous phase, starting from the basic physical chemistry all the way to state-of-the-art research developments. Both experimental and theoretical methods are treated thanks to the contributions of a distinguished list of authors who are all active researchers in their respective fields. The properties of these interfaces are crucial for a wide variety of processes, products and biological systems and functions, such as the formulation of personal care and food products, paints and coatings, microfluidic and lab-on-a-chip applications, cell membranes, and lung surfactants. Accordingly, research and expertise on the subject are spread over a broad range of academic disciplines and industrial laboratories. This book brings together knowledge from these different places with the aim of fostering education, collaborations and research progress.
|
| 650 |
|
0 |
|a Physics.
|
| 650 |
|
0 |
|a Physical chemistry.
|
| 650 |
|
0 |
|a Polymers.
|
| 650 |
|
0 |
|a Amorphous substances.
|
| 650 |
|
0 |
|a Complex fluids.
|
| 650 |
|
0 |
|a Optical materials.
|
| 650 |
|
0 |
|a Electronic materials.
|
| 650 |
1 |
4 |
|a Physics.
|
| 650 |
2 |
4 |
|a Soft and Granular Matter, Complex Fluids and Microfluidics.
|
| 650 |
2 |
4 |
|a Optical and Electronic Materials.
|
| 650 |
2 |
4 |
|a Polymer Sciences.
|
| 650 |
2 |
4 |
|a Physical Chemistry.
|
| 700 |
1 |
|
|a Lang, Peter.
|e editor.
|
| 700 |
1 |
|
|a Liu, Yi.
|e editor.
|
| 710 |
2 |
|
|a SpringerLink (Online service)
|
| 773 |
0 |
|
|t Springer eBooks
|
| 776 |
0 |
8 |
|i Printed edition:
|z 9783319245003
|
| 830 |
|
0 |
|a Lecture Notes in Physics,
|x 0075-8450 ;
|v 917
|
| 856 |
4 |
0 |
|u http://dx.doi.org/10.1007/978-3-319-24502-7
|z Full Text via HEAL-Link
|
| 912 |
|
|
|a ZDB-2-PHA
|
| 912 |
|
|
|a ZDB-2-LNP
|
| 950 |
|
|
|a Physics and Astronomy (Springer-11651)
|